000 00776nam a2200217 a 4500
001 000043878
005 20201002045025.0
008 140508s1984 sp ac 000 0 spa d
020 _a8400056914
040 _aDO-SdBNP
_bspa
_cBNPHU
082 _axxxx
_bxxxx
100 1 _aBaranda, Julia
_971760
245 1 0 _aGeorges Rouy (1851-1924), su obra botánica en España /
_cJulia Baranda ; prólogo Santiago Castroviejo.
260 _aMadrid :
_bReal Jardín Botánico, C.S.I.C.,
_bRaíces,
_c1984.
300 _a196 p. :
_bil., retrs. ;
_c24 cm.
490 1 _aRuizia
_v1
500 _aIncluye referencias bibliográficas y notas al pie de las páginas
504 _aBibliografía : p. [193]-318
700 1 2 _aCastroviejo, Santiago
_epról.
_959513
830 0 _aRuizia ;
_n1
_971761
999 _c43367
_d43367